01151nam a2200301 a 4500001000400000003001000004005001700014008004100031020001800072040002500090080001700115090001700132245020000149260003200349300002700381504002500408650003600433650003300469650002600502650002400528700003000552700003800582700003700620700004600657942001200703952012100715999001300836805BR-CuiBMT20231129161601.0231117b2017 dfba 000 0 por d a9788595270206 aBR-CuiBMTcBR-CuiBMT a331.4522007 a331.45bS25500aSaúde e segurança do trabalho :bcurso prático /corganizadores Ilan Fonseca de Souza, Lidiane de Araújo Barros, Vitor Araújo Filgueiras ; [autores: Airton Marinho da Silva ... et al.]. aBrasília :bESMPU,c2017. a358 p. :bil. ;c23 cm ainclui bibliografia. aSegurança do trabalhozBrasil aMedicina do trabalhozBrasil aAcidentes de trabalho aHigiene do trabalho aSouza, Ilan Fonseca4org. aBarros, Lidiane de Araújo4org. aFilgueiras, Vitor Araújo4org. aSilva, Airton Marinho daeet al.eautores 2udccLV 00102udc4070aBIBTCEMTbBIBTCEMTd2023-11-17l0o331.45 S255pBIBTCEMT23110739r2023-11-17tEx. 1w2023-11-17yLV c805d805